|
|
|
|
| LEADER |
00000nas a2200000 a 4500 |
| 001 |
ssj0003768 |
| 003 |
WaSeSS |
| 005 |
20200512172242.0 |
| 006 |
m d |
| 007 |
cr n |
| 008 |
970725c19979999maubr p s 0 a0eng c |
| 010 |
|
|
|a 98657700
|z sn 97004933
|
| 016 |
7 |
|
|a 012426047
|2 Uk
|
| 022 |
|
|
|l 1097-1505
|y 1097-1505
|
| 035 |
|
|
|a (WaSeSS)ssj0003768
|
| 040 |
|
|
|a AKR
|b eng
|c AKR
|d NSD
|d DLC
|d OCLCQ
|d UKMGB
|d OCLCF
|d OCLCO
|d CUS
|d DLC
|d WaSeSS
|
| 042 |
|
|
|a nsdp
|a pcc
|
| 043 |
|
|
|a n-us---
|
| 050 |
0 |
0 |
|a TH9111
|b .N165
|
| 082 |
1 |
0 |
|a 363
|2 13
|
| 210 |
0 |
|
|a NFPA update
|
| 222 |
|
0 |
|a NFPA update
|
| 245 |
0 |
0 |
|a NFPA update
|h [electronic resource].
|
| 246 |
1 |
|
|a National Fire Protection Association update
|
| 246 |
3 |
|
|a N.F.P.A. update
|
| 260 |
|
|
|a Quincy, Mass :
|b National Fire Protection Association,
|c 1997-
|
| 310 |
|
|
|a Bimonthly
|
| 362 |
0 |
|
|a Issue 819 (June/July 1997)-
|
| 500 |
|
|
|a Title from caption.
|
| 500 |
|
|
|a "NFPA's member newsletter."
|
| 506 |
|
|
|a License restrictions may limit access.
|
| 650 |
|
0 |
|a Fire prevention
|z United States
|v Periodicals.
|
| 650 |
|
0 |
|a Fires
|z United States
|v Periodicals.
|
| 650 |
|
7 |
|a Fire prevention.
|2 fast
|0 (OCoLC)fst00925460
|
| 650 |
|
7 |
|a Fires.
|2 fast
|0 (OCoLC)fst00925697
|
| 651 |
|
7 |
|a United States.
|2 fast
|0 (OCoLC)fst01204155
|
| 655 |
|
0 |
|a Electronic journals.
|
| 710 |
2 |
|
|a National Fire Protection Association.
|
| 780 |
0 |
0 |
|t Fire news (Quincy, Mass. : 1988)
|x 0015-2625
|w (DLC) 89646742
|w (OCoLC)19037295
|
| 850 |
|
|
|a DLC
|
| 856 |
4 |
0 |
|z Full text available from Research Library: 12/01/1997 to 11/30/2001
|u https://search.proquest.com/publication/37350
|